|
|
|
|
| LEADER |
01723nam a2200373 a 4500 |
| 001 |
27720 |
| 003 |
BD-DhAAL |
| 005 |
20190318094051.0 |
| 008 |
131108s2011 dcua b 001 0 eng |
| 999 |
|
|
|c 14077
|d 14077
|
| 010 |
|
|
|a 2010029309
|
| 020 |
|
|
|a 9781555814182 (softcover : alk. paper)
|
| 040 |
|
|
|a DNLM/DLC
|c DLC
|d YDX
|d NLM
|d YDXCP
|d CDX
|d BWX
|d WAU
|d DLC
|d BD-DhAAL
|
| 050 |
0 |
0 |
|a QR201.B34
|b S24 2011
|
| 082 |
0 |
0 |
|a 616.9207
|2 22
|
| 245 |
0 |
0 |
|a Bacterial pathogenesis :
|b a molecular approach /
|c Brenda A. Wilson ... [et al.]
|
| 250 |
|
|
|a 3rd edition
|
| 260 |
|
|
|a Washington, DC :
|b ASM Press,
|c c2011.
|
| 300 |
|
|
|a xiv, 526 p. :
|b ill. ;
|c 28 cm.
|
| 500 |
|
|
|a Rev. ed. of: Bacterial pathogenesis : a molecular approach / Abigail A. Salyers and Dixie D. Whitt. 2nd ed. c2002.
|
| 504 |
|
|
|a Includes bibliographical references and index.
|
| 541 |
|
|
|e 27720
|
| 650 |
|
0 |
|a Bacterial diseases
|x Pathogenesis.
|9 3479
|
| 650 |
|
0 |
|a Molecular microbiology.
|9 3480
|
| 650 |
1 |
2 |
|a Bacteria
|x pathogenicity.
|9 3481
|
| 650 |
2 |
2 |
|a Bacterial Infections
|x etiology.
|9 3482
|
| 650 |
2 |
2 |
|a Bacterial Infections
|x prevention & control.
|9 3483
|
| 650 |
2 |
2 |
|a Host-Parasite Interactions.
|9 3484
|
| 650 |
2 |
2 |
|a Virulence.
|9 3485
|
| 700 |
1 |
|
|a Wilson, Brenda A.
|9 3486
|
| 700 |
1 |
|
|a Salyers, Abigail A.
|t Bacterial pathogenesis.
|9 3487
|
| 942 |
|
|
|2 ddc
|c BK
|
| 952 |
|
|
|0 0
|1 0
|2 ddc
|4 0
|6 616_920700000000000_BAC
|7 0
|9 23663
|a BRACUL
|b BRACUL
|c GEN
|d 2013-11-08
|e Trim Education
|g 6875.00
|l 16
|m 101
|o 616.9207 BAC
|p 3010027720
|r 2026-01-19
|s 2025-10-26
|t 1
|w 2013-11-08
|y BK
|
| 952 |
|
|
|0 0
|1 0
|2 ddc
|4 0
|6 616_920700000000000_BAC
|7 0
|9 23664
|a BRACUL
|b BRACUL
|c GEN
|d 2013-11-08
|e Trim Education
|g 6875.00
|l 13
|m 94
|o 616.9207 BAC
|p 3010027721
|r 2025-09-17
|s 2025-07-13
|t 2
|w 2013-11-08
|y BK
|